Harry Potter 100 mots les plus cités par chapitre- 1.4 - Statistiques

Statistiques générales
  • Ce quiz a été pris 26 fois
  • Le résultat moyen est 37 sur 100
Statistiques - réponses
nombre d'apparitions mot % Correct
49 d
96%
84 à
92%
39 a
92%
64 l
92%
10 m
92%
48 Harry
83%
47 s
79%
25 c
75%
75 la
75%
10
75%
95 le
75%
15 t
75%
14 du
71%
8 es
67%
34 n
67%
145 de
63%
165 il
63%
43 est
58%
93 et
58%
20 j
58%
38 les
58%
13 sorcier
58%
27 des
54%
16 elle
54%
8 Potter
54%
19 sa
54%
37 se
54%
40 tu
54%
31 ça
50%
23 on
50%
9
50%
14 Poudlard
50%
59 qu
50%
26 son
50%
7 canapé/chose/école/été
46%
29 ce
46%
35 mais
46%
54 pas
46%
21 pour
46%
109 un
46%
46 une
46%
11 ai
42%
38 Hagrid
42%
14 ils
42%
51 je
42%
42 qui
42%
10 te
42%
33 vous
42%
17 au
38%
13 avec
38%
11 Dumbledore
38%
56 que
38%
11 ses
38%
54 en
33%
10 par
33%
21 lui
29%
45 ne
29%
10 peu
29%
19 y
29%
8 quoi
25%
8 si
25%
9 suis
25%
25 sur
25%
20 comme
21%
37 dans
21%
40 dit
21%
12 Dursley
21%
27 était
21%
7 être/grand/main
21%
12 dire
17%
12 Dudley
17%
12 jamais
17%
10 rien
17%
20 Vernon
17%
11 faire
13%
21 plus
13%
9 quand
13%
10 toi
13%
26 avait
8%
14 bien
8%
9 étaient
8%
9 étais
8%
8 moi
8%
16 notre
8%
22 oncle
8%
12 quelque
8%
12 sais
8%
7 toujours/votre/yeux
8%
26 tout
8%
8 très
8%
8 aurait
4%
8 encore
4%
16 géant
4%
12 même
4%
8 puis
4%
11 savez
4%
9 aussi
0%
8 contre
0%
8 eut
0%
15 monde
0%
Aucun quiz correspondant
Distribution des résultats
% des personnes avec chaque résultat
Percentile par nombre de réponses
Votre historique - résultats
Vous n’avez pas pris ce quiz